000 01011nam a2200277 i 4500
001 bg
100 1 _aJacobson, Reed.
245 1 0 _aMicrosoft SQL Server 2005 Analysis Services :
_bkrok po kroku /
_cReed Jacobson, Stacia Misner ; Hitachi Consulting ; [przekł. Krzysztof Szkudlarek].
246 _iTyt. oryg.:
_aMicrosoft SQL Server 2005 analysis services step by step
260 _aWarszawa :
_bAPN Promise,
_c2006.
300 _aXV, 394 s. ;
_c24 cm +
_eCD ROM.
500 _aTyt. oryg.: "Microsoft SQL Server 2005 analysis services step by step".
504 _aIndeks.
650 9 _aSQL Server
655 _aPodręczniki
700 1 _aMisner, Stacia.
710 0 _aHitachi Consulting
020 _a8388440853
040 _cBPK
041 1 _apol
_heng
080 _a004.42:004.652](07)
920 _a83-88440-85-3
942 _cKS
008 s pl f |000 0 pol
999 _c52136
_d52136
856 _uhttp://koha.tu.koszalin.pl/cgi-bin/koha/opac-detail.pl?biblionumber=52136
_yKatalog online BPK